Movies Quiz

Random Movies or Actress Quiz

Oscar Winners in Early TV Roles Quiz Stats

 Plays Quiz Updated Sep 2, 2016

Score 0/22 Timer 05:00
6 Plays Today
% Correct
Tom Hanks
96.7%
Jack Nicholson
91%
Julia Roberts
87.8%
Leonardo DiCaprio
87.1%
Michael Douglas
86.6%
Nicolas Cage
85.1%
Sandra Bullock
83.6%
Sally Field
80.8%
Sissy Spacek
74.2%
Kevin Spacey
73.9%
Jennifer Lawrence
72%
% Correct
Gene Hackman
66.2%
Julianne Moore
63.2%
Philip Seymour Hoffman
56.2%
Tim Robbins
54.7%
Helen Hunt
51.6%
William Hurt
50.3%
Hilary Swank
47.4%
Morgan Freeman
44.9%
Maggie Smith
43.2%
Emma Thompson
38.8%
Russell Crowe
15.3%

You're not logged in!

Compare scores with friends on all Sporcle quizzes.
OR
Log In

Sporcle TV

Today on Sporcle TV


Watch our educational content, quiz creation guides, and fun videos on Sporcle TV.

Show Comments

Extras

Top Quizzes Today


Score Distribution

Your Account Isn't Verified!

In order to create a playlist on Sporcle, you need to verify the email address you used during registration. Go to your Sporcle Settings to finish the process.

Report this User

Report this user for behavior that violates our Community Guidelines.

Details: